Catálogo

Los 7 hábitos de la gente altamente efectiva : (Registro nro. 25218)

Detalles MARC
000 -LEADER
fixed length control field 01538cam a2200385 i 4500
001 - CONTROL NUMBER
control field 25218
003 - CONTROL NUMBER IDENTIFIER
control field Mx-PuUPA
005 - DATE AND TIME OF LATEST TRANSACTION
control field 20250724105630.0
008 - FIXED-LENGTH DATA ELEMENTS--GENERAL INFORMATION
fixed length control field 140415s2024 mx ad gr 000 0 spa d
020 ## - INTERNATIONAL STANDARD BOOK NUMBER
International Standard Book Number 9786075698588
040 ## - CATALOGING SOURCE
Original cataloging agency Mx-PuUPA
Language of cataloging spa
Transcribing agency Mx-PuUPA
Modifying agency Mx-PuUPA
Description conventions rda
041 1# - LANGUAGE CODE
Language code of text/sound track or separate title spa
Language code of original eng
100 1# - MAIN ENTRY--PERSONAL NAME
Personal name Covey, Stephen R.,
Dates associated with a name 1932-2012
9 (RLIN) 2440
Relator term autor
240 14 - UNIFORM TITLE
Uniform title The 7 habits of highly effective people.
Language of a work Español
245 14 - TITLE STATEMENT
Title Los 7 hábitos de la gente altamente efectiva :
Remainder of title lecciones poderosas para el cambio personal /
Statement of responsibility, etc. Stephen R. Covey ; de la traducción, Montserrat Asensio Fernández
250 ## - EDITION STATEMENT
Edition statement Primera edición /
Remainder of edition statement octubre, revisada y actualizada
264 #1 - PRODUCTION, PUBLICATION, DISTRIBUTION, MANUFACTURE, AND COPYRIGHT NOTICE
Place of production, publication, distribution, manufacture Ciudad de México :
Name of producer, publisher, distributor, manufacturer Ediciones Culturales Paidós : Booket,
Date of production, publication, distribution, manufacture, or copyright notice ©2024
300 ## - PHYSICAL DESCRIPTION
Extent 561 páginas :
Other physical details ilustraciones, gráficas ;
Dimensions 19 cm
336 ## - CONTENT TYPE
Fuente rdacontent
Content type term texto
Content type code txt
337 ## - MEDIA TYPE
Source rdamedia
Media type term sin medio
Media type code n
338 ## - CARRIER TYPE
Source rdacarrier
Carrier type term volumen
Carrier type code nc
490 0# - SERIES STATEMENT
Series statement Prácticos
490 0# - SERIES STATEMENT
Series statement Empresa y Talento
650 #7 - SUBJECT ADDED ENTRY--TOPICAL TERM
Source of heading or term armarc
9 (RLIN) 13986
Topical term or geographic name entry element Éxito
General subdivision Aspectos psicológicos
650 #7 - SUBJECT ADDED ENTRY--TOPICAL TERM
Source of heading or term armarc
Topical term or geographic name entry element Carácter
650 #7 - SUBJECT ADDED ENTRY--TOPICAL TERM
Source of heading or term armarc
Topical term or geographic name entry element Cambio (Psicología)
650 #7 - SUBJECT ADDED ENTRY--TOPICAL TERM
Source of heading or term armarc
Topical term or geographic name entry element Psicología aplicada
700 1# - ADDED ENTRY--PERSONAL NAME
Personal name Asensio Fernández, Montserrat,
Relator term traductor
765 0# - ORIGINAL LANGUAGE ENTRY
Main entry heading Cover, Stephen R.,
Title The 7 habits of highly effective people.
942 ## - ADDED ENTRY ELEMENTS (KOHA)
Source of classification or shelving scheme Dewey Decimal Classification
Koha item type Libro
Classification part 158
Item part C8718
Existencias
Withdrawn status Lost status Source of classification or shelving scheme Damaged status Not for loan Collection code Home library Current library Shelving location Date acquired Source of acquisition Total Checkouts Full call number Barcode Date last seen Date last checked out Price effective from Koha item type
    Dewey Decimal Classification   Consulta en sala Magisterial Biblioteca Karol Wojtyla Biblioteca Karol Wojtyla Sala general 03/12/2013 Magisterial 1 158 C8718 2024 47023 14/08/2025 25/07/2025 03/12/2013 Magisterial